College Quizbowl Stats
College Quizbowl Stats
Circuits
Seasons
Sets
Records
Detailed Stats
About
Loading...
2024 ARCADIA at Illinois
Tossups
Bonuses
Players
Teams
Categories (Tossup)
Categories (Bonus)
Hayden Willett
Purdue B
Categories
Category
Powers
Gets
Negs
BBs
Points
Earliest Buzz
Avg. Buzz
First Buzzes
Top 3 Buzzes
BPA
PVF
Fine Arts - Other Arts
0
1
0
0
10
119
119.00
0
0
0.63
2.50
Science - Chemistry
0
1
0
1
10
128
128.00
0
0
0.08
2.50
Science - Physics
0
1
0
1
10
123
123.00
0
1
0.61
5.00
Social Science
0
1
0
1
10
119
119.00
0
1
0.05
1.56
Buzzes
Category
Answer
Value
Buzz Position
Social Science
consumption
10
119
Fine Arts - Other Arts
ships
10
119
Science - Physics
magnetism
10
123
Science - Chemistry
carbon-13
10
128
Previous
1
Next